| 000 | 00463cam a2200193 4500 | ||
|---|---|---|---|
| 001 | D9850 | ||
| 008 | 090401t1967 xxu||||| |||| 00| 0 eng d | ||
| 035 | _a(Sirsi) u22894 | ||
| 041 | _aeng | ||
| 050 | _a346.410435 | ||
| 100 | _aWilkinson, H. W. | ||
| 245 | _aPipes, mains, cables and sewers | ||
| 260 |
_aLondon _bOyez Publications _c1967 |
||
| 300 | _a123p. 22cm | ||
| 350 | _a0 | ||
| 490 |
_aOyez Practice Notes _v57 |
||
| 942 | _n0 | ||
| 948 | _c04/03/1997 | ||
| 999 |
_c88271 _d88271 |
||